| 000 | 00343nam a22001457a 4500 | ||
|---|---|---|---|
| 003 | SGT | ||
| 020 | _a978-1-4160-6342-0 | ||
| 082 |
_a616.024 _bC08R |
||
| 100 | _aROUKIS, THOMAS S. | ||
| 245 | _aCLINICS IN PODIATRIC MEDICINE AND SURGERY | ||
| 260 |
_aPHILADELPHIA _bELSEVIER PUB _c2008 |
||
| 300 | _a766 | ||
| 490 | _a25/4 | ||
| 942 |
_2ddc _cBK |
||
| 999 |
_c18414 _d18414 |
||